Metody opredelenija effektivnosti kapitalovloženij v sel'skom chozjajstve
Gespeichert in:
| 1. Verfasser: | |
|---|---|
| Format: | Buch |
| Sprache: | Russisch |
| Veröffentlicht: |
Moskva
Kolos
1982
|
| Tags: |
Keine Tags, Fügen Sie das erste Tag hinzu!
|
MARC
| LEADER | 00000nam a2200000 4500 | ||
|---|---|---|---|
| 001 | c130794 | ||
| 005 | 20190425122715.9 | ||
| 041 | 0 | |a rus | |
| 044 | |a RU | ||
| 245 | 1 | 0 | |a Metody opredelenija effektivnosti kapitalovloženij v sel'skom chozjajstve |c František Trnka |
| 264 | 1 | |a Moskva |b Kolos |c 1982 | |
| 300 | |a 221 s. | ||
| 100 | 1 | |a Trnka, František | |